000 00749cab a2200217 4500
001 ABS38675
008 090401t1988 xxu||||| |||| 00| 0 eng d
035 _a(Sirsi) u11901
041 _aeng
100 _aPitts, G.
245 _aCondensation control: rooms in the roof
260 _c1988
350 _a0
490 _aArchitects` Journal
_v187(3) 20 January 1988, 57-59(3)
520 _aWith the growing popularity of roof conversions , this article identifies ways in which conversions can be successfully carried out to avoid problems of condensation . Includes diagrams and illustrations.
650 _aLOFT INSULATION
690 _aBUILT ENVIRONMENT-CONSTRUCTION DESIGN
700 _aYeomans, D.
942 _n0
948 _c04/03/1997
999 _c7607
_d7607